Co-operation with the Central Mining Research Station, Dhanbad, India

Đã lưu trong:
Bibliografiske detaljer
Institution som forfatter: International Labour Organisation
Format: Bog
Sprog:Undetermined
Udgivet: [Geneva] United Nations Special Fund, 1965
Fag:
Tags: Tilføj Tag
Ingen Tags, Vær først til at tagge denne postø!
Thư viện lưu trữ: Trung tâm Học liệu Trường Đại học Cần Thơ
LEADER 00735nam a2200205Ia 4500
001 CTU_98729
008 210402s9999 xx 000 0 und d
082 |a 622.3 
082 |b I.61 
110 |a International Labour Organisation 
245 0 |a Co-operation with the Central Mining Research Station, Dhanbad, India 
245 0 |c report prepared for the government of India by the International Labour Organisation, acting as the executing agency for the United Nations Special Fund. 
260 |a [Geneva] 
260 |b United Nations Special Fund, 
260 |c 1965 
650 |a Mining,Mining engineering 
650 |x Research 
650 |z India 
904 |i Năm 
980 |a Trung tâm Học liệu Trường Đại học Cần Thơ